000 01236cam a22003257a 4500
003 CHAP
005 20220329142456.0
008 010530d1999 mx a r 00110 spa d
010 _a84015
011 _a84987
035 _a95513
040 _cCHAP
090 _aTesis
100 0 0 _aDomínguez Morales, Eloy.
_933859
245 1 3 _aEl desarrollo histórico de la agricultura en dos comunidades de la subregión alta de la sierra madre y sus perspectivas de desarrollo en el neoliberalismo
_c/por Eloy Dominguez Morales
260 _aHuehuetán, Chis.:
_bEl autor,
_c1999.
300 _a142 h. :
_bgráfs. ; ilus.
502 _aTesis (Ing. Agr. Tropical) -- Universidad Autónoma de Chiapas. Facultad de Ciencias Agrícolas Campus IV
590 _aALEPH
_b10
_c20130110
_lUCH01
_h1442
590 _aBATCH-UPD
_b10
_c20130110
_lUCH01
_h0553
590 _aBATCH-UPD
_b10
_c20130410
_lUCH01
_h0235
590 _aBATCH-UPD
_b10
_c20130914
_lUCH01
_h1147
590 _aCONVERSION
_b10
_c20130109
_lUCH01
_h1347
650 1 4 _aDesarrollo de la comunidad rural
_zChiapas.
_932034
650 1 4 _aNeoliberalismo.
_980855
901 _aBK
905 _aMayto Villalobos S.
942 _cTESIS
949 _aTesis
_bBC
_cTES
_d955131
_eTS1
_h38052
_i95513
_sb
999 _c84015
_d84015